Deutsche Fußball-Clubs - Vervollständigen #1 - Statistiken

Allgemein
  • Dieses Quiz wurde 286 mal gespielt
    245 seit der letzten Aktualisierung
  • Das Durchschnittsergebnis liegt bei 8 aus 16
Antwortstatistiken
Clubname Ergänzung % Korrekt
Bayer 04 ... Fußball GmbH Leverkusen
82%
Ballspielverein Borussia 09 ... Dortmund
79%
Sport- und Schwimmverein Jahn ... Regensburg
78%
Fußballclub Hansa ... Rostock
78%
Fußballclub Erzgebirge ... Aue
77%
Deutscher Sportclub Arminia ... Bielefeld
74%
Sportclub Preußen 06 ... Münster
72%
Turn- und Sportgemeinschaft ... 1899 Hoffenheim
63%
Verein für Leibesübungen ... 1848 Bochum
49%
*Meidericher Spielverein 02 ... Duisburg
47%
1. Fußballclub ... 1846 Heidenheim
28%
Sportverein ... 1898 Darmstadt
22%
... Turn- und Sportverein Fortuna 1895 Düsseldorfer
22%
Sportvereinigung 07 ... Elversberg
12%
Fußballclub ... 04 Ingolstadt
10%
Sportclub ... von 1924 Verl
5%
Keine übereinstimmenden Quizze gefunden
Verteilung der Resultate
Anzahl Personen mit jedem Resultat
Perzentil nach korrekt beantworteten Fragen
Ihre Resultats-Entwicklung
Sie haben dieses Quiz seit der letzten Aktualisierung nicht gespielt